[Event "Fraiburgo Alvino Memorial 3rd"]
[Site "Fraiburgo"]
[Date "2013.07.20"]
[Round "4"]
[White "Lopez, Bianca Barros"]
[Black "Costa, Ane Caroline"]
[Result "1/2-1/2"]
[WhiteElo "1703"]
[BlackElo "1649"]
[PlyCount "69"]
[EventDate "2013.07.19"]
[EventType "swiss"]
[EventRounds "6"]
[EventCountry "BRA"]
[SourceTitle "CBM 155 Extra"]
[Source "ChessBase"]
[SourceDate "2013.08.26"]
[SourceVersion "1"]
[SourceVersionDate "2013.08.26"]
[SourceQuality "1"]

1. d4 f5 2. Nc3 Nf6 3. f4 e6 4. Nf3 Bb4 5. Bd2 b6 6. e3 Bb7 7. Bd3 Bxc3 8. Bxc3 0-0 9. Qe2 Nd5 10. Qd2 a5 11. a4 Na6 12. 0-0 Qe8 13. Rab1 Qh5 14. Be2 Qh6 15. b3 d6 16. Bb2 Qg6 17. Nh4 Qf7 18. c4 Nf6 19. Bf3 Bxf3 20. Nxf3 Ne4 21. Qe2 Nb4 22. Nd2 Nf6 23. Nf3 Qh5 24. Bc3 Nc6 25. Qe1 Ne4 26. Bb2 Rae8 27. Ba3 Rf6 28. Rc1 Rb8 29. Nd2 Nxd2 30. Qxd2 Rh6 31. h3 Qg6 32. Kh2 Qe8 33. Qf2 Rf6 34. Qg3 Rg6 35. Qe1 1/2-1/2

[Event "Catarinense-ch (Women)"]
[Site "Balneario Camboriu"]
[Date "2013.02.24"]
[Round "5"]
[White "Lopez, Bianca Barros"]
[Black "Da Silva, Thayna Borges"]
[Result "0-1"]
[WhiteElo "1725"]
[BlackElo "1771"]
[PlyCount "86"]
[EventDate "2013.02.22"]
[EventType "swiss"]
[EventRounds "6"]
[EventCountry "BRA"]
[SourceTitle "EXT 2015"]
[Source "ChessBase"]
[SourceDate "2014.11.20"]
[SourceVersion "1"]
[SourceVersionDate "2014.11.20"]
[SourceQuality "1"]

1. Nf3 Nf6 2. g3 g6 3. Bg2 Bg7 4. d3 0-0 5. 0-0 Re8 6. Nc3 d6 7. e4 c5 8. Ne1 Nc6 9. h3 e5 10. Kh2 Nd4 11. f4 exf4 12. Bxf4 Nh5 13. Qd2 Qf6 14. Nd5 Qd8 15. g4 Nxf4 16. Nxf4 Be5 17. Kg1 Qg5 18. Qc1 Bxf4 19. Qd1 Re6 20. Nf3 Nxf3+ 21. Rxf3 Be3+ 22. Kh1 Rf6 23. Qe2 Rxf3 24. Qxf3 Qf4 25. Qxf4 Bxf4 26. Rf1 Be5 27. b3 a5 28. Bf3 a4 29. Kg2 axb3 30. axb3 Be6 31. Rb1 Ra2 32. Kf1 Rxc2 33. b4 c4 34. Be2 c3 35. Bd1 Rh2 36. Rc1 Rxh3 37. Kg2 Rxd3 38. Bf3 d5 39. exd5 Bxd5 40. Bxd5 Rxd5 41. Re1 c2 42. Rc1 Rd2+ 43. Kf3 Bb2 0-1

[Event "Catarinense-ch (Women)"]
[Site "Balneario Camboriu"]
[Date "2013.02.23"]
[Round "4"]
[White "Lopez, Bianca Barros"]
[Black "Chiodino, Camile Biz"]
[Result "1/2-1/2"]
[WhiteElo "1725"]
[BlackElo "1800"]
[PlyCount "62"]
[EventDate "2013.02.22"]
[EventType "swiss"]
[EventRounds "6"]
[EventCountry "BRA"]
[SourceTitle "EXT 2015"]
[Source "ChessBase"]
[SourceDate "2014.11.20"]
[SourceVersion "1"]
[SourceVersionDate "2014.11.20"]
[SourceQuality "1"]

1. e4 c5 2. Nf3 Nc6 3. g3 Nf6 4. Nc3 g6 5. Bg2 Bg7 6. 0-0 0-0 7. d3 d6 8. Ne1 Re8 9. h3 Nd4 10. Kh2 Bd7 11. Ne2 Nc6 12. f4 e6 13. Nf3 e5 14. fxe5 Nxe5 15. Nxe5 Rxe5 16. Bf4 Rh5 17. h4 Bh6 18. Qd2 g5 19. Be3 Ng4+ 20. Kg1 Nxe3 21. Qxe3 gxh4 22. Qf3 Re5 23. Qxf7+ Kh8 24. Qf6+ Qxf6 25. Rxf6 Be3+ 26. Kh2 hxg3+ 27. Nxg3 Re6 28. Raf1 Kg8 29. Bh3 Rxf6 30. Rxf6 Bxh3 31. Kxh3 Rd8 1/2-1/2